[Event "South African op"]
[Site "Cape Town"]
[Date "2022.07.16"]
[Round "10"]
[White "Braaf, Jiraan"]
[Black "Felix, Ethon"]
[Result "1-0"]
[WhiteElo "1618"]
[BlackElo "1758"]
[PlyCount "65"]
[EventDate "2022.07.09"]
[EventType "swiss"]
[EventRounds "11"]
[EventCountry "RSA"]
[SourceTitle "CBM 209 Extra"]
[Source "ChessBase"]
[SourceDate "2022.09.30"]
[SourceVersion "1"]
[SourceVersionDate "2022.09.30"]
[SourceQuality "1"]

1. e4 Nf6 2. Nc3 e5 3. Nf3 Nc6 4. d4 exd4 5. Nxd4 Bb4 6. Nxc6 bxc6 7. Bd3 0-0 8. 0-0 h6 9. e5 Bxc3 10. bxc3 Nh7 11. Qh5 d5 12. Ba3 Re8 13. f4 Qd7 14. Rf3 Qg4 15. Bxh7+ Kxh7 16. Qxf7 Be6 17. Qxc7 Rec8 18. Qd6 Bf5 19. h3 Qh5 20. g4 Bxg4 21. hxg4 Qxg4+ 22. Kf2 Qh4+ 23. Ke3 Qh2 24. Rf2 Qg3+ 25. Ke2 Qxc3 26. Re1 d4 27. Rg2 Rg8 28. Qg6+ Kh8 29. Qd3 Qa5 30. Rh1 Qd5 31. Qg6 d3+ 32. cxd3 Qxa2+ 33. Ke3 1-0

[Event "South African op"]
[Site "Cape Town"]
[Date "2022.07.15"]
[Round "8"]
[White "Palmer, Reegan"]
[Black "Felix, Ethon"]
[Result "1-0"]
[WhiteElo "1759"]
[BlackElo "1758"]
[PlyCount "56"]
[EventDate "2022.07.09"]
[EventType "swiss"]
[EventRounds "11"]
[EventCountry "RSA"]
[SourceTitle "CBM 209 Extra"]
[Source "ChessBase"]
[SourceDate "2022.09.30"]
[SourceVersion "1"]
[SourceVersionDate "2022.09.30"]
[SourceQuality "1"]

1. c4 e5 2. Nc3 Bb4 3. Nd5 Ba5 4. g3 c6 5. Nc3 Ne7 6. Bg2 0-0 7. e4 d6 8. Nge2 Be6 9. d3 d5 10. exd5 cxd5 11. 0-0 Nbc6 12. Qa4 Bxc3 13. Nxc3 Nd4 14. Re1 dxc4 15. dxc4 Rc8 16. Rxe5 Rxc4 17. Qd1 Qc7 18. Bf4 Qc8 19. Nd5 Nxd5 20. Bxd5 Bxd5 21. Rxd5 Ne6 22. Be3 a6 23. Rd2 Qc6 24. b3 Rc3 25. Rd3 Rxd3 26. Qxd3 Rd8 27. Qe2 Qd5 28. Rc1 h6 1-0

[Event "South African op"]
[Site "Cape Town"]
[Date "2022.07.11"]
[Round "5"]
[White "Felix, Ethon"]
[Black "Davies, Jason S"]
[Result "0-1"]
[WhiteElo "1758"]
[BlackElo "2026"]
[PlyCount "94"]
[EventDate "2022.07.09"]
[EventType "swiss"]
[EventRounds "11"]
[EventCountry "RSA"]
[SourceTitle "CBM 209 Extra"]
[Source "ChessBase"]
[SourceDate "2022.09.30"]
[SourceVersion "1"]
[SourceVersionDate "2022.09.30"]
[SourceQuality "1"]

1. Nf3 Nf6 2. c4 g6 3. b4 Bg7 4. Bb2 0-0 5. g3 d6 6. Bg2 Na6 7. a3 e5 8. d3 Rb8 9. Qc2 c6 10. c5 Bg4 11. Nbd2 e4 12. dxe4 dxc5 13. 0-0 cxb4 14. axb4 Nxb4 15. Qa4 Na6 16. Rad1 Nd7 17. Bxg7 Kxg7 18. e5 Bxf3 19. Nxf3 Ndc5 20. Qa1 Qe7 21. Nd2 Qe6 22. Qb2 Nc7 23. f4 Nb5 24. f5 gxf5 25. Bh3 Na4 26. Qb4 Nac3 27. Bxf5 Qxe5 28. Qg4+ Kh8 29. Bxh7 Qd4+ 30. Qxd4+ Nxd4 31. Bd3 Nxd1 32. Rxd1 Rfe8 33. Kf2 Re7 34. Ra1 a6 35. Ra5 Rbe8 36. Rh5+ Kg7 37. Rh7+ Kg8 38. Rh4 Nxe2 39. Ne4 Rxe4 40. Rxe4 Rxe4 41. Bxe4 Nc3 42. Bc2 Nd5 43. Kf3 a5 44. Bb3 b5 45. Bc2 a4 46. Ke4 a3 47. Bb3 a2 0-1

[Event "World ol U16"]
[Site "Corum"]
[Date "2019.10.30"]
[Round "3.24"]
[White "Felix, Ethon"]
[Black "Mirlan Uulu, Syimyk"]
[Result "0-1"]
[WhiteElo "1675"]
[BlackElo "1899"]
[PlyCount "77"]
[EventDate "2019.10.29"]
[EventType "team-swiss"]
[EventRounds "9"]
[EventCountry "TUR"]
[SourceTitle "CBM 192 Extra"]
[Source "Chessbase"]
[SourceDate "2019.11.06"]
[SourceVersion "1"]
[SourceVersionDate "2019.11.06"]
[SourceQuality "1"]
[WhiteTeam "South Africa II"]
[BlackTeam "Kyrgyzstan"]
[WhiteTeamCountry "RSA"]
[BlackTeamCountry "KGZ"]

1. d4 e6 2. Nf3 d5 3. Bf4 Nf6 4. e3 Bd6 5. Nbd2 0-0 6. a3 b6 7. h4 c5 8. Ne5 Bb7 9. g4 cxd4 10. exd4 Ne4 11. Bg2 f6 12. Nd3 Bxf4 13. Nxf4 Qd6 14. Ne2 f5 15. g5 Nd7 16. Nf1 f4 17. Bf3 Rad8 18. c3 e5 19. Qc2 Nxf2 20. Kxf2 e4 21. Bg4 e3+ 22. Nxe3 fxe3+ 23. Kxe3 Rde8+ 24. Kd2 Rf2 25. Rag1 Ba6 26. Kd1 Bxe2+ 27. Bxe2 Rexe2 28. Qxe2 Rxe2 29. Kxe2 Qc6 30. Kd2 Qb5 31. Kc2 Qe2+ 32. Kb1 Nf8 33. h5 Ne6 34. Ka1 Nf4 35. Re1 Qg4 36. Rhf1 Qxg5 37. Re5 Qf6 38. h6 gxh6 39. Re8+ 0-1

[Event "Western Province-chT"]
[Site "Cape Town"]
[Date "2018.08.04"]
[Round "2"]
[White "Galant, Warren"]
[Black "Felix, Ethon"]
[Result "1/2-1/2"]
[WhiteElo "1604"]
[BlackElo "1664"]
[PlyCount "57"]
[EventDate "2018.08.04"]
[EventType "team-tourn"]
[EventRounds "11"]
[EventCountry "RSA"]
[SourceTitle "EXT 2020"]
[Source "ChessBase"]
[SourceDate "2019.10.17"]
[SourceVersion "1"]
[SourceVersionDate "2019.10.17"]
[SourceQuality "1"]
[WhiteTeam "Blackjacks"]
[BlackTeam "Grassy Park"]
[WhiteTeamCountry "RSA"]
[BlackTeamCountry "RSA"]

1. e4 e5 2. Nf3 Nc6 3. Bc4 Bc5 4. 0-0 Nf6 5. d4 exd4 6. e5 d5 7. exf6 dxc4 8. Re1+ Be6 9. Ng5 Qd5 10. Nc3 Qf5 11. g4 Qg6 12. Nce4 Bb6 13. Nxe6 fxe6 14. f7+ Kd7 15. a4 a5 16. Qe2 Rad8 17. Bg5 Rdf8 18. Nf6+ Kc8 19. Qxe6+ Kb8 20. Nd7+ Ka7 21. Nxf8 Rxf8 22. Qxg6 hxg6 23. Re8 Rxf7 24. Bh4 d3 25. cxd3 cxd3 26. Rd1 Nd4 27. Kg2 Nf3 28. Bg3 d2 29. Re4 1/2-1/2

[Event "RSA-ch U14"]
[Site "Gauteng"]
[Date "2017.04.08"]
[Round "7"]
[White "Felix, Ethon"]
[Black "Rapholo, Motlatjo"]
[Result "1/2-1/2"]
[WhiteElo "1321"]
[BlackElo "1359"]
[PlyCount "64"]
[EventDate "2017.04.05"]
[EventType "swiss"]
[EventRounds "11"]
[EventCountry "RSA"]
[SourceTitle "CBM 177 Extra"]
[Source "ChessBase"]
[SourceDate "2017.04.27"]
[SourceVersion "1"]
[SourceVersionDate "2017.04.27"]
[SourceQuality "1"]

1. e4 c6 2. Nc3 d5 3. d4 dxe4 4. Nxe4 Bf5 5. Ng3 Bg6 6. h4 h6 7. h5 Bh7 8. Nf3 Nf6 9. c3 e6 10. Bc4 Bd6 11. Bd3 Bxd3 12. Qxd3 Nbd7 13. Be3 Qc7 14. Ne4 Nxe4 15. Qxe4 Nf6 16. Qd3 Qa5 17. Bd2 Qc7 18. 0-0-0 0-0-0 19. Qc2 Ng4 20. Be3 Qa5 21. Kb1 Nf6 22. c4 Qf5 23. Qxf5 exf5 24. b3 Ng4 25. Rhf1 Nf6 26. Nh4 Nxh5 27. Nxf5 g5 28. Nxh6 Rxh6 29. Bxg5 Rg6 30. Bxd8 Kxd8 31. g3 Nf6 32. Kc2 Ng4 1/2-1/2

[Event "RSA-ch U14"]
[Site "Gauteng"]
[Date "2017.04.05"]
[Round "1"]
[White "Nhamuave, Eleazar"]
[Black "Felix, Ethon"]
[Result "1-0"]
[WhiteElo "1527"]
[BlackElo "1321"]
[PlyCount "97"]
[EventDate "2017.04.05"]
[EventType "swiss"]
[EventRounds "11"]
[EventCountry "RSA"]
[SourceTitle "CBM 177 Extra"]
[Source "ChessBase"]
[SourceDate "2017.04.27"]
[SourceVersion "1"]
[SourceVersionDate "2017.04.27"]
[SourceQuality "1"]

1. e4 e5 2. Nf3 Nc6 3. Bb5 a6 4. Ba4 Nf6 5. 0-0 b5 6. Bb3 Be7 7. Re1 0-0 8. c3 d6 9. h3 Bb7 10. Bc2 Re8 11. d4 exd4 12. cxd4 Nb4 13. Nbd2 Nxc2 14. Qxc2 d5 15. e5 Ne4 16. Nf1 Rc8 17. Be3 c5 18. Qd3 c4 19. Qe2 f6 20. Rac1 fxe5 21. Nxe5 Bf6 22. f3 Bxe5 23. fxe4 Bf6 24. e5 Bg5 25. Qg4 Bxe3+ 26. Nxe3 Rc7 27. Nf5 Bc8 28. Re3 Bxf5 29. Qxf5 Qh4 30. Qg4 Qxg4 31. hxg4 b4 32. Kf2 Kf7 33. Rf3+ Ke6 34. Ke2 Kd7 35. g5 Kc6 36. Rh3 g6 37. Rf3 Kb5 38. Rf4 Rd8 39. Kd2 a5 40. g4 Rdd7 41. e6 Re7 42. a3 Rc6 43. Re1 c3+ 44. bxc3 bxc3+ 45. Kd3 Ka4 46. Rc1 Kb3 47. Rf7 Rexe6 48. Rb7+ Kxa3 49. Ra1# 1-0